| 000 | 01741nam a22002297a 4500 | ||
|---|---|---|---|
| 999 |
_c63911 _d63911 |
||
| 003 | Ge_BSU | ||
| 005 | 20260218153559.0 | ||
| 008 | 260218s2025 ge ||||| |||| 00| 0 geo d | ||
| 020 | _a9789941521973 | ||
| 041 | _ageo | ||
| 080 | _a811.353 ლ-63 | ||
| 245 |
_aლინგვოქვეყანამცოდნეობა : _b [სასწავლო კურსი]. წიგნი 2 / _cსაქართველოს ტექნიკური უნივერსიტეტი, ქართული ფილოლოგიისა და მედიატექნოლოგიების დეპარტამენტი ; რედაქტორი თემურ ჯაგოდნიშვილი. |
||
| 264 |
_aთბილისი : _bუნივერსალი, _c 2025. |
||
| 300 |
_a254 გვ. : _bფოტ. ; _c 28 სმ. |
||
| 504 | _aბიბლიოგრაფია ტექსტის შენიშვნებში და სტატიების ბოლოს. | ||
| 653 | _aლინგვოქვეყანამცოდნეობა | ||
| 700 |
_aჯაგოდნიშვილი, თემურ _eავტორი, რედაქტორი. _926917 |
||
| 700 |
_aმაისურაძე, თამარ _eავტორი _926918 |
||
| 700 |
_aოსაძე, ივანე და სხვ. _eავტორი _926919 |
||
| 710 |
_aსაქართველოს ტექნიკური უნივერსიტეტი. _bქართული ფილოლოგიისა და მედია ტექნოლოგიების დეპარტამენტი. _926920 |
||
| 942 |
_2udc _cᲬᲘᲒᲜᲘ |
||